10 Fastest Road Cars In The World (Updated) - Statistics

General Stats
  • This quiz has been taken 33 times
  • The average score is 5 of 10
Answer Stats
Speed Car Name % Correct
261 MPH Bugatti Chiron
76%
304 MPH Bugatti Chiron|Super Sport
76%
260 MPH Koenigsegg|Agera R
67%
278 MPH Koenigsegg|Agera RS
67%
253.8 MPH Bugatti Veyron
57%
268 MPH Bugatti Veyron|Super Sport
57%
270 MPH Hennessey|Venom GT
52%
248 MPH Saleen|S7
14%
250 MPH McLaren Speedtail
10%
256 MPH SSC Ultimate Aero
10%
No matching quizzes found
Score Distribution
Percent of People with Each Score
Percentile by Number Answered
Your Score History
You have not taken this quiz